01119nam a22002057a 450000500170000000800410001702000180005804100080007608200160008410000250010024500880012526000150021326000100022850505540023865000260079265000160081865000230083465000300085765000260088720220505142756.0220505b xxu||||| |||| 00| 0 spa d a9789968702720 aspa a574.5 M722a aMolina Vega, Efrén aAprendiendo a conservar: láminas didácticas del manual de actividades escolares aCosta Rica bInBio aLámina 1 Ecosistemas de Costa Rica: El páramo Lámina 2 Ecosistemas de Costa Rica: El bosque tropical nuboso Lámina 3 Ecosistemas de Costa Rica: El bosque tropical húmedo Lámina 4 Ecosistemas de Costa Rica: El bosque tropical seco Lámina 5 Ecosistemas de Costa Rica: El manglar Lámina 6 Ecosistemas de Costa Rica: El arrecife de coral Lámina 7 Recursos naturales Lámina 8 Contaminación ambiental Lámina 9 Sobreexplotación ambiental Lámina 10 Desarrollo sostenible Lámina 11 Ecodiccionario A Lámina 12 Ecodiccionario B aACTIVIDADES ESCOLARES aECOSISTEMAS aRECURSOS NATURALES aCONTAMINACIÓN AMBIENTAL aDESARROLLO SOSTENIBLE